| 000 | 01250nam a22003137a 4500 | ||
|---|---|---|---|
| 003 | OSt | ||
| 005 | 20250410155353.0 | ||
| 008 | 250410b |||||||| |||| 00| 0 eng d | ||
| 020 | _a9780323697033 (paperback) | ||
| 040 |
_aNUST _beng _cNUST _dNUST _erda |
||
| 050 | _aRB38.2 PAG | ||
| 100 |
_aPagana, Kathleen Deska _eAuthor |
||
| 245 |
_aMosby's manual of diagnostic and laboratory tests / _cKathleen Deska Pagana, Timothy J Pagana and Theresa N Pagana. |
||
| 250 | _aSeventh edition. | ||
| 260 |
_aSt. Louis, Missouri : _bElsevier, _c2022. |
||
| 300 |
_axxiii, 1174 pages : _bIllustrations ; _c24 cm. |
||
| 336 |
_2rdamedia _atext _btxt |
||
| 337 |
_2rdamedia _aunmediated _bn |
||
| 338 |
_2rdamedia _avolume _bnc |
||
| 504 | _aIncludes bibliographical references and index. | ||
| 650 | _vDiagnosis, Laboratory -- Handbooks, manuals, etc. | ||
| 650 | _vDiagnosis, Radioscopic -- Handbooks, manuals, etc. | ||
| 650 | _vReference values (Medicine) -- Handbooks, manuals, etc. | ||
| 650 | _vMedical laboratory technology. | ||
| 650 | _vClinical Laboratory Techniques. | ||
| 700 |
_aPagana, Timothy James _eAuthor |
||
| 700 |
_aPagana, Theresa N _eAuthor |
||
| 942 |
_2lcc _cBOOKS _eSeventh edition. _hRB38.2 PAG _kRB _mPAG _n0 |
||
| 999 |
_c171588 _d171588 |
||